<?xml version="1.0" encoding="UTF-8"?>
<record
    xmlns:xsi="http://www.w3.org/2001/XMLSchema-instance"
    xsi:schemaLocation="http://www.loc.gov/MARC21/slim http://www.loc.gov/standards/marcxml/schema/MARC21slim.xsd"
    xmlns="http://www.loc.gov/MARC21/slim">

  <leader>00588nam a2200181Ia 4500</leader>
  <datafield tag="020" ind1=" " ind2=" ">
    <subfield code="a">0785430571 (teacher's ed.)</subfield>
  </datafield>
  <datafield tag="020" ind1=" " ind2=" ">
    <subfield code="a">0785430563 (student ed.)</subfield>
  </datafield>
  <datafield tag="040" ind1=" " ind2=" ">
    <subfield code="c">MNC</subfield>
  </datafield>
  <datafield tag="082" ind1=" " ind2=" ">
    <subfield code="a">425 ASG 2003  A023 Or.</subfield>
  </datafield>
  <datafield tag="100" ind1="1" ind2=" ">
    <subfield code="a">Ainsworth, Barbara A</subfield>
  </datafield>
  <datafield tag="245" ind1="1" ind2="0">
    <subfield code="a">English to use.</subfield>
    <subfield code="b">teacher's edition /</subfield>
  </datafield>
  <datafield tag="260" ind1=" " ind2=" ">
    <subfield code="a">Circle Pines, MN :</subfield>
    <subfield code="b">AGS, American Guidance Service,</subfield>
    <subfield code="c">c2003</subfield>
  </datafield>
  <datafield tag="300" ind1=" " ind2=" ">
    <subfield code="a">T18, xvi, 338 p. :</subfield>
    <subfield code="b">ill. ;</subfield>
    <subfield code="c">28 cm. +</subfield>
    <subfield code="e">Student text (xvi, 304 p. : ill. ; 24 cm.)</subfield>
  </datafield>
  <datafield tag="650" ind1=" " ind2="0">
    <subfield code="a">English language</subfield>
  </datafield>
  <datafield tag="700" ind1="1" ind2=" ">
    <subfield code="a">Trautman, David H</subfield>
  </datafield>
  <datafield tag="710" ind1="2" ind2=" ">
    <subfield code="a">American Guidance Service</subfield>
  </datafield>
  <datafield tag="942" ind1=" " ind2=" ">
    <subfield code="c">EK</subfield>
  </datafield>
  <datafield tag="999" ind1=" " ind2=" ">
    <subfield code="c">14061</subfield>
    <subfield code="d">14061</subfield>
  </datafield>
  <datafield tag="952" ind1=" " ind2=" ">
    <subfield code="0">0</subfield>
    <subfield code="1">0</subfield>
    <subfield code="4">0</subfield>
    <subfield code="6">425_000000000000000_ASG_2003_A024_OR</subfield>
    <subfield code="7">0</subfield>
    <subfield code="9">65759</subfield>
    <subfield code="a">LBA</subfield>
    <subfield code="b">LBA</subfield>
    <subfield code="c">A024</subfield>
    <subfield code="d">2017-10-05</subfield>
    <subfield code="o">425 ASG 2003  A024 Or.</subfield>
    <subfield code="p">A21035</subfield>
    <subfield code="r">2017-10-05</subfield>
    <subfield code="y">EK</subfield>
  </datafield>
</record>
